000
00209 a2200097 4500
001
26636
100
_a
McGraw-Hill
245
_a
Leadership motivation
260
_a
_b
M.I.T press
_c
1974
090
_c
17929
_d
17929
942
_a
NUST-CAE
_c
M
_c
8812
999
_c
261709
_d
261709